| Tag |
First Indicator |
Second Indicator |
Subfields |
| LEADER |
00000cam a2200000 a 4500 |
| 001 |
in00003340802 |
| 005 |
20231121162919.0 |
| 008 |
961203s1960 dcua f000 0 eng d |
| 016 |
7 |
|
|a 101570170
|2 DNLM
|
| 029 |
1 |
|
|a NLM
|b 101570170
|
| 035 |
|
|
|a (OCoLC)ocm36026519
|
| 035 |
|
|
|a (OCoLC)36026519
|
| 035 |
|
|
|a (OCoLC)ocm36026519
|
| 040 |
|
|
|a CLU
|b eng
|c CLU
|d IUL
|d WAU
|d NLM
|d FUG
|d OCLCQ
|d OCLCF
|d OCLCQ
|d CSF
|d OCLCA
|d SNN
|d GPO
|d OCLCO
|d OCL
|d OCLCQ
|d OCLCO
|
| 060 |
0 |
0 |
|a W6
|b P3 v.7481 box 1504 no.8
|
| 074 |
|
|
|a 0451
|
| 082 |
1 |
4 |
|a 362.7
|b Un3f 50
|
| 086 |
0 |
|
|a FS 3.210:50
|
| 245 |
0 |
4 |
|a The mongoloid baby.
|
| 260 |
|
|
|a Washington, D.C. :
|b U.S. Dept. of Health, Education, and Welfare, Social Security Administration, Children's Bureau,
|c 1960.
|
| 300 |
|
|
|a 20 pages :
|b illustrations ;
|c 16 cm
|
| 336 |
|
|
|a text
|b txt
|2 rdacontent
|
| 337 |
|
|
|a unmediated
|b n
|2 rdamedia
|
| 338 |
|
|
|a volume
|b nc
|2 rdacarrier
|
| 490 |
1 |
|
|a Children's Bureau folder ;
|v no. 50
|
| 650 |
|
0 |
|a Down syndrome.
|
| 650 |
|
0 |
|a Child rearing.
|
| 650 |
|
0 |
|a Infants.
|
| 650 |
1 |
2 |
|a Down Syndrome
|
| 650 |
2 |
2 |
|a Child Rearing
|
| 650 |
2 |
2 |
|a Infant
|
| 650 |
|
6 |
|a Syndrome de Down.
|
| 650 |
|
6 |
|a Éducation des enfants.
|
| 650 |
|
6 |
|a Nourrissons.
|
| 650 |
|
7 |
|a infants.
|2 aat
|
| 650 |
|
7 |
|a Infants
|2 fast
|
| 650 |
|
7 |
|a Child rearing
|2 fast
|
| 650 |
|
7 |
|a Down syndrome
|2 fast
|
| 710 |
1 |
|
|a United States.
|b Children's Bureau.
|
| 830 |
|
0 |
|a Folder (United States. Children's Bureau) ;
|v no. 50.
|
| 948 |
|
|
|h HELD BY TXA - 36 OTHER HOLDINGS
|
| 994 |
|
|
|a Z0
|b TXA
|
| 999 |
f |
f |
|s d481448f-01f3-3274-9b76-2c780ca6a191
|i c59c7670-c244-3a84-9686-cbfd4c52a18c
|t 0
|
| 952 |
f |
f |
|p normal
|a Texas A&M University
|b College Station
|c Sterling C. Evans Library
|s Evans udoc
|d Evans: US Documents (Annex 5th floor)
|t 0
|e FS 3.210:50
|h Superintendent of Documents classification
|i unmediated -- volume
|m A14836914569
|